Regions of Kyrgyzstan & it's Capitals - Statistics

General Stats
  • This quiz has been taken 23 times
  • The average score is 6 of 18
Answer Stats
Subdivision Codes Region/Capital % Correct
KG-GB Bishkek
95%
KG-C Bishkek
95%
KG-O Osh
58%
KG-GO Osh
58%
KG-N Naryn
47%
KG-J Jalal-Abad
42%
KG-T Talas
42%
KG-Y Karakol
37%
KG-B Batken
32%
KG-GO Osh City
21%
KG-B Batken Region
11%
KG-GB Bishkek City
11%
KG-C Chuy Region
11%
KG-Y Issyk Kul region
11%
KG-J Jalal-Abad Region
11%
KG-N Naryn Region
11%
KG-O Osh Region
11%
KG-T Talas Region
11%
No matching quizzes found
Score Distribution
Percent of People with Each Score
Percentile by Number Answered
Your Score History
You have not taken this quiz